| 000 | 00684nam a22002177a 4500 | ||
|---|---|---|---|
| 999 |
_c10707 _d10707 |
||
| 003 | AR-CdUCM | ||
| 008 | 190401b ||||| |||| 00| 0 spa d | ||
| 040 |
_aMUNICIPALIDAD PROVINCIAL DEL CUSCO _cBIBLIOTECA MUNICIPAL DEL CUSCO |
||
| 082 |
_aEP / 373.1 / _bC28 |
||
| 100 |
_aCastillo Córdova, José Luis _927697 |
||
| 110 |
_aMinisterio de educación _97870 |
||
| 245 |
_aKirigami: _bLa magia del papel / |
||
| 260 |
_aHuancayo : _c1995. |
||
| 300 |
_a34 páginas ; _bIlustraciones, _c20 cm. |
||
| 505 | _aContenido: El arte del papel cortado. | ||
| 650 |
_aArte japone _927698 |
||
| 650 |
_aPapel cortado _927699 |
||
| 650 |
_aArte _9561 |
||
| 942 |
_2ddc _cLIBROS |
||
| 945 | _adavv | ||